[Event "Deutsche Ländermeisterschaft 2019"]
[Site "Würzburg GER"]
[Date "2019.10.05"]
[Round "6"]
[White "Musiolik, David"]
[Black "Gallasch, Jonas"]
[Result "1-0"]
[Termination "normal"]
[Board "3.3"]
[WhiteElo "2195"]
[BlackElo "2124"]
[WhiteClock "00:44:43"]
[BlackClock "00:45:33"]
[WhiteTeam "Rheinland-Pfalz"]
[BlackTeam "Nordrhein-Westfalen"]
[PlyCount "49"]
[WhiteFideId "12972355"]
[BlackFideId "16222474"]
[EventCountry "GER"]
[EventRounds "7"]
[EventType "team-swiss"]
[EventDate "2019.10.01"]

1. e4 {[%clk 1:30:52]} c6 {[%clk 1:30:42]} 2. Nc3 {[%clk 1:31:09]} d5 {[%clk
1:31:06]} 3. Nf3 {[%clk 1:31:31]} Nf6 {[%clk 1:31:19]} 4. e5 {[%clk 1:31:41]}
Ne4 {[%clk 1:31:42]} 5. Ne2 {[%clk 1:31:53]} Qb6 {[%clk 1:31:59]} 6. d4 {[%clk
1:31:40]} e6 {[%clk 1:32:19]} 7. Ng3 {[%clk 1:31:49]} c5 {[%clk 1:32:30]} 8.
Bd3 {[%clk 1:25:31]} Nxg3 {[%clk 1:30:56]} 9. fxg3 {[%clk 1:25:22]} cxd4 {[%clk
1:25:02]} 10. O-O {[%clk 1:25:28]} Be7 {[%clk 1:21:44]} 11. Qe2 {[%clk
1:03:48]} Nc6 {[%clk 1:16:02]} 12. a3 {[%clk 1:01:27]} a5 {[%clk 1:12:18]} 13.
Ng5 {[%clk 0:50:41]} Bxg5 {[%clk 0:56:04]} 14. Bxg5 {[%clk 0:51:05]} Qc7 {[%clk
0:55:57]} 15. Qh5 {[%clk 0:48:39]} g6 {[%clk 0:46:22]} 16. Qh6 {[%clk 0:47:47]}
f5 {[%clk 0:46:44]} 17. exf6 {[%clk 0:46:28]} Qf7 {[%clk 0:46:56]} 18. Bxg6
{[%clk 0:45:56]} hxg6 {[%clk 0:45:18]} 19. Qxh8+ {[%clk 0:46:10]} Kd7 {[%clk
0:45:40]} 20. Rf4 {[%clk 0:43:53]} Nd8 {[%clk 0:44:11]} 21. Rh4 {[%clk
0:43:32]} Qe8 {[%clk 0:44:23]} 22. Qxe8+ {[%clk 0:43:29]} Kxe8 {[%clk 0:44:45]}
23. Rh8+ {[%clk 0:43:57]} Kd7 {[%clk 0:45:06]} 24. Rxd8+ {[%clk 0:44:18]} Kxd8
{[%clk 0:45:33]} 25. f7+ {[%clk 0:44:43]} 1-0

[Event "Deutsche Ländermeisterschaft 2019"]
[Site "Würzburg GER"]
[Date "2019.10.05"]
[Round "6"]
[White "Reitz, Theresa"]
[Black "Müdder, Melanie"]
[Result "0-1"]
[Termination "normal"]
[Board "3.5"]
[WhiteElo "1935"]
[BlackElo "1964"]
[WhiteClock "00:30:08"]
[BlackClock "00:08:58"]
[WhiteTeam "Rheinland-Pfalz"]
[BlackTeam "Nordrhein-Westfalen"]
[PlyCount "50"]
[WhiteFideId "12971901"]
[BlackFideId "12994103"]
[EventCountry "GER"]
[EventRounds "7"]
[EventType "team-swiss"]
[EventDate "2019.10.01"]

1. e4 {[%clk 1:30:56]} c5 {[%clk 1:30:56]} 2. Nc3 {[%clk 1:31:21]} Nc6 {[%clk
1:31:20]} 3. Bb5 {[%clk 1:31:44]} Nd4 {[%clk 1:31:37]} 4. Bc4 {[%clk 1:32:06]}
e6 {[%clk 1:31:37]} 5. Nge2 {[%clk 1:32:23]} Nf6 {[%clk 1:31:43]} 6. O-O {[%clk
1:32:36]} a6 {[%clk 1:32:04]} 7. a4 {[%clk 1:32:50]} d5 {[%clk 1:32:04]} 8.
exd5 {[%clk 1:33:00]} exd5 {[%clk 1:32:27]} 9. Ba2 {[%clk 1:33:19]} Bg4 {[%clk
1:28:37]} 10. d3 {[%clk 1:32:43]} Qd7 {[%clk 1:22:28]} 11. f3 {[%clk 1:30:58]}
Be6 {[%clk 1:22:36]} 12. Bg5 {[%clk 1:23:02]} Nf5 {[%clk 1:10:51]} 13. Qe1
{[%clk 1:10:44]} O-O-O {[%clk 0:55:17]} 14. Nf4 {[%clk 1:04:52]} Re8 {[%clk
0:47:32]} 15. Qf2 {[%clk 0:59:44]} d4 {[%clk 0:39:20]} 16. Bxf6 {[%clk
0:52:40]} gxf6 {[%clk 0:29:05]} 17. Ncd5 {[%clk 0:50:38]} Qd8 {[%clk 0:29:05]}
18. c3 {[%clk 0:46:46]} Bh6 {[%clk 0:27:26]} 19. Kh1 {[%clk 0:40:14]} Bxd5
{[%clk 0:16:41]} 20. Nxd5 {[%clk 0:40:31]} Re5 {[%clk 0:16:15]} 21. cxd4 {[%clk
0:32:53]} Rxd5 {[%clk 0:08:49]} 22. Bxd5 {[%clk 0:33:11]} Qxd5 {[%clk 0:09:16]}
23. dxc5 {[%clk 0:31:29]} Be3 {[%clk 0:09:20]} 24. Qc2 {[%clk 0:30:25]} Ng3+
{[%clk 0:08:34]} 25. hxg3 {[%clk 0:30:08]} Qh5# {[%clk 0:08:58]} 0-1

[Event "Deutsche Ländermeisterschaft 2019"]
[Site "Würzburg GER"]
[Date "2019.10.05"]
[Round "6"]
[White "Browning, Rebecca"]
[Black "Metzdorf, Matteo"]
[Result "0-1"]
[Termination "normal"]
[Board "3.6"]
[WhiteElo "1932"]
[BlackElo "1862"]
[WhiteClock "00:06:44"]
[BlackClock "00:01:46"]
[WhiteTeam "Nordrhein-Westfalen"]
[BlackTeam "Rheinland-Pfalz"]
[PlyCount "178"]
[WhiteFideId "12984027"]
[BlackFideId "16209869"]
[EventCountry "GER"]
[EventRounds "7"]
[EventType "team-swiss"]
[EventDate "2019.10.01"]

1. e4 {[%clk 1:30:59]} c5 {[%clk 1:30:55]} 2. c3 {[%clk 1:31:27]} e6 {[%clk
1:31:21]} 3. Nf3 {[%clk 1:31:27]} d5 {[%clk 1:31:00]} 4. e5 {[%clk 1:31:17]}
Nc6 {[%clk 1:29:29]} 5. a3 {[%clk 1:31:04]} Qb6 {[%clk 1:26:14]} 6. d4 {[%clk
1:28:00]} c4 {[%clk 1:26:24]} 7. Qc2 {[%clk 1:19:57]} Na5 {[%clk 1:23:00]} 8.
Be3 {[%clk 1:18:23]} Nb3 {[%clk 1:20:08]} 9. Ra2 {[%clk 1:18:47]} Bd7 {[%clk
1:20:17]} 10. Nbd2 {[%clk 1:19:05]} Ne7 {[%clk 1:13:25]} 11. Qb1 {[%clk
1:16:17]} Nf5 {[%clk 1:05:01]} 12. Bf4 {[%clk 1:14:39]} Be7 {[%clk 0:59:33]}
13. Be2 {[%clk 1:07:23]} Ba4 {[%clk 0:54:44]} 14. O-O {[%clk 1:06:18]} O-O
{[%clk 0:53:12]} 15. Nxb3 {[%clk 1:02:04]} Bxb3 {[%clk 0:52:51]} 16. Ra1 {[%clk
1:02:29]} f6 {[%clk 0:41:14]} 17. Re1 {[%clk 0:56:52]} fxe5 {[%clk 0:33:54]}
18. Bxe5 {[%clk 0:55:52]} Bf6 {[%clk 0:33:19]} 19. Qc1 {[%clk 0:55:44]} Nd6
{[%clk 0:30:17]} 20. Bxf6 {[%clk 0:42:56]} gxf6 {[%clk 0:24:38]} 21. Nd2 {[%clk
0:40:46]} Rae8 {[%clk 0:18:12]} 22. Nxb3 {[%clk 0:35:47]} Qxb3 {[%clk 0:18:26]}
23. Bd1 {[%clk 0:36:13]} Qb6 {[%clk 0:16:51]} 24. Bc2 {[%clk 0:36:32]} Rf7
{[%clk 0:14:17]} 25. Rb1 {[%clk 0:29:51]} e5 {[%clk 0:07:15]} 26. Qd2 {[%clk
0:23:42]} e4 {[%clk 0:04:29]} 27. Qf4 {[%clk 0:22:23]} f5 {[%clk 0:04:33]} 28.
Bd1 {[%clk 0:21:32]} Rg7 {[%clk 0:03:54]} 29. Ba4 {[%clk 0:19:49]} Re6 {[%clk
0:03:56]} 30. h4 {[%clk 0:19:07]} Rg4 {[%clk 0:03:49]} 31. Qh2 {[%clk 0:13:52]}
Reg6 {[%clk 0:04:10]} 32. b3 {[%clk 0:08:45]} Qa5 {[%clk 0:03:40]} 33. Bd7
{[%clk 0:08:13]} Qd8 {[%clk 0:02:30]} 34. Ba4 {[%clk 0:06:21]} b5 {[%clk
0:02:40]} 35. bxc4 {[%clk 0:06:40]} bxa4 {[%clk 0:03:04]} 36. c5 {[%clk
0:07:06]} Nc4 {[%clk 0:00:39]} 37. Rb8 {[%clk 0:07:04]} Rxg2+ {[%clk 0:01:06]}
38. Kf1 {[%clk 0:07:29]} Rxh2 {[%clk 0:01:20]} 39. Rxd8+ {[%clk 0:07:55]} Kf7
{[%clk 0:00:59]} 40. Rxd5 {[%clk 0:07:56]} Ke6 {[%clk 0:00:36]} 41. Rd8 {[%clk
0:05:34]} e3 {[%clk 0:26:14]} 42. Ke2 {[%clk 0:29:16]} Rxf2+ {[%clk 0:23:56]}
43. Kd3 {[%clk 0:29:24]} Ke7 {[%clk 0:06:40]} 44. Rd5 {[%clk 0:22:27]} Nd2
{[%clk 0:01:59]} 45. Rxe3+ {[%clk 0:19:40]} Ne4 {[%clk 0:02:19]} 46. Kc4 {[%clk
0:16:23]} Re6 {[%clk 0:02:03]} 47. Kd3 {[%clk 0:10:49]} Rd2+ {[%clk 0:01:54]}
48. Kc4 {[%clk 0:11:14]} f4 {[%clk 0:01:47]} 49. Rf3 {[%clk 0:10:51]} Rc2
{[%clk 0:01:33]} 50. Rxf4 {[%clk 0:09:38]} Rxc3+ {[%clk 0:00:58]} 51. Kb4
{[%clk 0:09:01]} Rb3+ {[%clk 0:01:03]} 52. Kxa4 {[%clk 0:08:35]} Rb1 53. Rxe4
{[%clk 0:08:19]} Rxe4 {[%clk 0:01:09]} 54. c6 {[%clk 0:08:14]} Rb8 {[%clk
0:00:41]} 55. Ka5 {[%clk 0:08:14]} Rc8 {[%clk 0:00:40]} 56. Kb5 {[%clk
0:08:32]} Rb8+ {[%clk 0:00:37]} 57. Kc5 {[%clk 0:08:08]} Ke6 {[%clk 0:00:33]}
58. Rd6+ {[%clk 0:08:21]} Ke7 {[%clk 0:00:50]} 59. Rd7+ {[%clk 0:08:41]} Ke8
{[%clk 0:00:34]} 60. Rxh7 {[%clk 0:08:14]} Rb1 {[%clk 0:00:32]} 61. c7 {[%clk
0:06:43]} Rc1+ {[%clk 0:00:44]} 62. Kd6 {[%clk 0:02:34]} Rxd4+ {[%clk 0:01:03]}
63. Ke5 {[%clk 0:02:09]} Rdc4 {[%clk 0:01:04]} 64. c8=Q+ {[%clk 0:01:38]} Rxc8
{[%clk 0:01:32]} 65. Rxa7 {[%clk 0:02:05]} R1c7 {[%clk 0:01:40]} 66. Ra6 {[%clk
0:02:22]} Ke7 {[%clk 0:01:31]} 67. Kf4 {[%clk 0:01:58]} Rc4+ {[%clk 0:01:39]}
68. Kg3 {[%clk 0:02:14]} Rc3+ {[%clk 0:01:45]} 69. Kg4 {[%clk 0:02:17]} Rg8+
{[%clk 0:02:03]} 70. Kf5 {[%clk 0:02:18]} Rc5+ {[%clk 0:02:25]} 71. Kf4 {[%clk
0:02:40]} Rc4+ {[%clk 0:02:44]} 72. Kf5 {[%clk 0:03:03]} Rxh4 {[%clk 0:02:48]}
73. Ra7+ {[%clk 0:03:26]} Kd6 {[%clk 0:02:53]} 74. a4 {[%clk 0:03:42]} Rf8+
{[%clk 0:02:39]} 75. Kg5 {[%clk 0:04:05]} Rc4 {[%clk 0:02:41]} 76. Ra6+ {[%clk
0:04:19]} Rc6 {[%clk 0:02:33]} 77. Ra7 {[%clk 0:04:43]} Rc7 {[%clk 0:02:10]}
78. Ra6+ {[%clk 0:04:54]} Kc5 {[%clk 0:02:17]} 79. Re6 {[%clk 0:04:12]} Rg7+
{[%clk 0:01:17]} 80. Kh6 {[%clk 0:04:37]} Rg1 {[%clk 0:01:29]} 81. Kh7 {[%clk
0:04:51]} Rf4 {[%clk 0:01:35]} 82. Re5+ {[%clk 0:05:05]} Kb4 {[%clk 0:01:51]}
83. Rh5 {[%clk 0:05:25]} Kxa4 {[%clk 0:02:02]} 84. Kh8 {[%clk 0:05:38]} Kb4
{[%clk 0:02:20]} 85. Rh6 {[%clk 0:05:48]} Kc5 {[%clk 0:02:27]} 86. Rh5+ {[%clk
0:06:01]} Kd6 {[%clk 0:02:40]} 87. Rh6+ {[%clk 0:06:19]} Ke7 {[%clk 0:02:28]}
88. Rh7+ {[%clk 0:06:38]} Kf8 {[%clk 0:01:28]} 89. Rf7+ {[%clk 0:06:44]} Kxf7
{[%clk 0:01:46]} 0-1

[Event "Deutsche Ländermeisterschaft 2019"]
[Site "Würzburg GER"]
[Date "2019.10.05"]
[Round "6"]
[White "Gschnitzer, Adrian"]
[Black "Herbrig, Alexander"]
[Result "1-0"]
[Termination "normal"]
[Board "4.1"]
[WhiteTitle "FM"]
[WhiteElo "2405"]
[BlackElo "2295"]
[WhiteClock "00:48:00"]
[BlackClock "00:31:03"]
[WhiteTeam "Baden 1"]
[BlackTeam "Sachsen"]
[PlyCount "51"]
[WhiteFideId "1270337"]
[BlackFideId "12952044"]
[EventCountry "GER"]
[EventRounds "7"]
[EventType "team-swiss"]
[EventDate "2019.10.01"]

1. e4 {[%clk 1:30:57]} c5 {[%clk 1:30:54]} 2. Nf3 {[%clk 1:31:21]} Nc6 {[%clk
1:31:19]} 3. d4 {[%clk 1:31:32]} cxd4 {[%clk 1:31:45]} 4. Nxd4 {[%clk 1:31:55]}
g6 {[%clk 1:32:10]} 5. c4 {[%clk 1:32:02]} Bg7 {[%clk 1:32:35]} 6. Be3 {[%clk
1:32:22]} Nf6 {[%clk 1:33:00]} 7. Nc3 {[%clk 1:32:44]} O-O {[%clk 1:33:21]} 8.
Be2 {[%clk 1:32:57]} d6 {[%clk 1:33:46]} 9. O-O {[%clk 1:33:05]} Bd7 {[%clk
1:34:11]} 10. h3 {[%clk 1:32:59]} Nxd4 {[%clk 1:29:29]} 11. Bxd4 {[%clk
1:33:17]} Bc6 {[%clk 1:29:27]} 12. Qc2 {[%clk 1:33:37]} Nd7 {[%clk 1:23:54]}
13. Bxg7 {[%clk 1:33:40]} Kxg7 {[%clk 1:24:23]} 14. Rad1 {[%clk 1:33:58]} Qc7
{[%clk 1:11:57]} 15. b4 {[%clk 1:31:22]} Nf6 {[%clk 1:10:58]} 16. Rd2 {[%clk
1:22:51]} Rfc8 {[%clk 1:08:10]} 17. Rc1 {[%clk 1:09:34]} b6 {[%clk 0:51:38]}
18. Bg4 {[%clk 1:05:07]} Nxg4 {[%clk 0:48:14]} 19. hxg4 {[%clk 1:05:24]} Qd7
{[%clk 0:48:21]} 20. f3 {[%clk 1:00:55]} a5 {[%clk 0:41:46]} 21. b5 {[%clk
0:53:08]} Bb7 {[%clk 0:41:49]} 22. Na4 {[%clk 0:51:32]} Qc7 {[%clk 0:31:05]}
23. Qc3+ {[%clk 0:50:52]} Kg8 {[%clk 0:31:29]} 24. Qe3 {[%clk 0:49:56]} Rcb8
{[%clk 0:30:46]} 25. Nxb6 {[%clk 0:49:15]} Ra7 {[%clk 0:31:03]} 26. Nd7 {[%clk
0:48:00]} 1-0

[Event "Deutsche Ländermeisterschaft 2019"]
[Site "Würzburg GER"]
[Date "2019.10.05"]
[Round "6"]
[White "Nguyen, Alex Dac-Vuong"]
[Black "Schmider, Niklas"]
[Result "1/2-1/2"]
[Termination "normal"]
[Board "4.2"]
[WhiteElo "2128"]
[BlackElo "2261"]
[WhiteClock "00:05:03"]
[BlackClock "00:25:40"]
[WhiteTeam "Sachsen"]
[BlackTeam "Baden 1"]
[PlyCount "83"]
[WhiteFideId "12984388"]
[BlackFideId "12993778"]
[EventCountry "GER"]
[EventRounds "7"]
[EventType "team-swiss"]
[EventDate "2019.10.01"]

1. e4 {[%clk 1:30:57]} c5 {[%clk 1:30:53]} 2. Nf3 {[%clk 1:31:21]} d6 {[%clk
1:31:17]} 3. d4 {[%clk 1:31:47]} cxd4 {[%clk 1:31:40]} 4. Nxd4 {[%clk 1:32:11]}
Nf6 {[%clk 1:32:02]} 5. f3 {[%clk 1:32:36]} e5 {[%clk 1:32:08]} 6. Nb3 {[%clk
1:33:00]} Be6 {[%clk 1:32:18]} 7. c4 {[%clk 1:33:23]} Nbd7 {[%clk 1:32:39]} 8.
Nc3 {[%clk 1:33:45]} Rc8 {[%clk 1:32:00]} 9. Be3 {[%clk 1:34:10]} Bxc4 {[%clk
1:31:21]} 10. Bxc4 {[%clk 1:34:34]} Rxc4 {[%clk 1:31:37]} 11. Qd3 {[%clk
1:34:59]} Rc6 {[%clk 1:27:20]} 12. O-O-O {[%clk 1:32:04]} h5 {[%clk 1:15:40]}
13. Kb1 {[%clk 1:30:52]} Be7 {[%clk 1:14:01]} 14. h4 {[%clk 1:18:52]} g6 {[%clk
0:54:00]} 15. Qe2 {[%clk 1:03:38]} a6 {[%clk 0:36:49]} 16. Bf2 {[%clk 0:54:43]}
b5 {[%clk 0:23:39]} 17. g4 {[%clk 0:54:52]} Nb6 {[%clk 0:18:49]} 18. Ka1 {[%clk
0:31:37]} Nfd7 {[%clk 0:16:02]} 19. Rd3 {[%clk 0:30:14]} Kf8 {[%clk 0:14:38]}
20. Nd5 {[%clk 0:18:47]} Nxd5 {[%clk 0:14:47]} 21. exd5 {[%clk 0:18:27]} Rc4
{[%clk 0:14:18]} 22. Nd2 {[%clk 0:18:17]} Rc2 {[%clk 0:14:28]} 23. Kb1 {[%clk
0:18:34]} Qc7 {[%clk 0:12:55]} 24. Qd1 {[%clk 0:18:47]} Rc5 {[%clk 0:12:01]}
25. Bxc5 {[%clk 0:19:12]} Nxc5 {[%clk 0:12:24]} 26. Rc3 {[%clk 0:19:16]} Qd7
{[%clk 0:10:51]} 27. g5 {[%clk 0:18:09]} Qf5+ {[%clk 0:04:59]} 28. Qc2 {[%clk
0:18:22]} Qf4 {[%clk 0:05:12]} 29. Rh3 {[%clk 0:14:06]} Qd4 {[%clk 0:04:30]}
30. Ne4 {[%clk 0:13:08]} Qxd5 {[%clk 0:04:17]} 31. Nxc5 {[%clk 0:13:14]} dxc5
{[%clk 0:04:43]} 32. Rh1 {[%clk 0:12:26]} c4 {[%clk 0:02:46]} 33. Rd1 {[%clk
0:12:51]} Qe6 {[%clk 0:02:29]} 34. Qe4 {[%clk 0:12:44]} Bc5 {[%clk 0:01:26]}
35. Rc2 {[%clk 0:11:24]} Kg7 {[%clk 0:00:58]} 36. Rd5 {[%clk 0:08:03]} Bd4
{[%clk 0:00:46]} 37. f4 {[%clk 0:08:20]} Qg4 {[%clk 0:00:48]} 38. Re2 {[%clk
0:07:29]} Qg1+ {[%clk 0:00:50]} 39. Re1 {[%clk 0:05:00]} Qf2 {[%clk 0:01:16]}
40. Re2 {[%clk 0:05:23]} Qg1+ {[%clk 0:00:49]} 41. Re1 {[%clk 0:05:03]} Qf2
{[%clk 0:25:40]} 42. Re2 1/2-1/2

[Event "Deutsche Ländermeisterschaft 2019"]
[Site "Würzburg GER"]
[Date "2019.10.05"]
[Round "6"]
[White "Wu, Luka"]
[Black "Dahl, Christoph"]
[Result "1-0"]
[Termination "normal"]
[Board "4.3"]
[WhiteElo "2117"]
[BlackElo "2178"]
[WhiteClock "00:17:03"]
[BlackClock "00:46:02"]
[WhiteTeam "Baden 1"]
[BlackTeam "Sachsen"]
[PlyCount "139"]
[WhiteFideId "12977420"]
[BlackFideId "16240235"]
[EventCountry "GER"]
[EventRounds "7"]
[EventType "team-swiss"]
[EventDate "2019.10.01"]

1. e4 {[%clk 1:30:58]} e5 {[%clk 1:30:55]} 2. Nf3 {[%clk 1:31:23]} Nc6 {[%clk
1:31:18]} 3. Bb5 {[%clk 1:31:48]} a6 {[%clk 1:31:22]} 4. Ba4 {[%clk 1:32:13]}
Nf6 {[%clk 1:31:45]} 5. O-O {[%clk 1:32:37]} Nxe4 {[%clk 1:32:00]} 6. d4 {[%clk
1:32:56]} b5 {[%clk 1:32:02]} 7. Bb3 {[%clk 1:33:20]} d5 {[%clk 1:32:09]} 8.
dxe5 {[%clk 1:33:39]} Be6 {[%clk 1:32:24]} 9. c3 {[%clk 1:33:57]} Bc5 {[%clk
1:32:29]} 10. Nbd2 {[%clk 1:34:08]} O-O {[%clk 1:32:22]} 11. Bc2 {[%clk
1:34:23]} Nxf2 {[%clk 1:32:05]} 12. Rxf2 {[%clk 1:34:40]} f6 {[%clk 1:31:58]}
13. exf6 {[%clk 1:06:16]} Bxf2+ {[%clk 1:29:08]} 14. Kxf2 {[%clk 1:06:37]} Qxf6
{[%clk 1:29:28]} 15. Nf1 {[%clk 0:46:57]} Ne5 {[%clk 1:26:04]} 16. Kg1 {[%clk
0:46:51]} Nxf3+ {[%clk 1:19:06]} 17. Qxf3 {[%clk 0:47:05]} Qxf3 {[%clk
1:19:22]} 18. gxf3 {[%clk 0:47:30]} Rxf3 {[%clk 1:19:44]} 19. Be3 {[%clk
0:42:58]} Bh3 {[%clk 1:19:00]} 20. Bc5 {[%clk 0:42:20]} Re8 {[%clk 1:18:09]}
21. Ng3 {[%clk 0:42:02]} h5 {[%clk 1:16:34]} 22. Bg6 {[%clk 0:39:52]} Re5
{[%clk 1:15:20]} 23. Bd4 {[%clk 0:39:07]} Re6 {[%clk 1:13:42]} 24. Bxh5 {[%clk
0:38:53]} Rd3 {[%clk 1:11:14]} 25. b4 {[%clk 0:28:24]} Rd2 {[%clk 1:07:43]} 26.
a3 {[%clk 0:27:24]} g6 {[%clk 1:00:45]} 27. Be2 {[%clk 0:19:06]} Bf5 {[%clk
0:56:56]} 28. Bf1 {[%clk 0:18:09]} Be4 {[%clk 0:53:39]} 29. Bh3 {[%clk
0:15:59]} Re7 {[%clk 0:53:30]} 30. Re1 {[%clk 0:15:48]} Ra2 {[%clk 0:48:12]}
31. Bc5 {[%clk 0:13:51]} Re5 {[%clk 0:47:19]} 32. Bd4 {[%clk 0:14:02]} Re8
{[%clk 0:47:10]} 33. Nxe4 {[%clk 0:12:34]} dxe4 {[%clk 0:47:32]} 34. Bg2 {[%clk
0:12:49]} Rxa3 {[%clk 0:46:29]} 35. Bxe4 {[%clk 0:13:12]} Kf8 {[%clk 0:46:44]}
36. Rf1+ {[%clk 0:12:14]} Ke7 {[%clk 0:47:08]} 37. h4 {[%clk 0:12:29]} Rg8
{[%clk 0:44:50]} 38. Bd5 {[%clk 0:12:45]} Re8 {[%clk 0:45:01]} 39. Re1+ {[%clk
0:12:38]} Kd8 {[%clk 0:45:15]} 40. Bf6+ {[%clk 0:13:01]} Kd7 {[%clk 0:45:42]}
41. Bc6+ {[%clk 0:13:25]} Kxc6 {[%clk 0:46:07]} 42. Rxe8 {[%clk 0:13:52]} a5
{[%clk 0:46:16]} 43. bxa5 {[%clk 0:14:12]} Rxa5 {[%clk 0:46:40]} 44. Rg8 {[%clk
0:14:08]} Ra1+ {[%clk 0:46:15]} 45. Kg2 {[%clk 0:14:33]} Ra2+ {[%clk 0:46:37]}
46. Kg3 {[%clk 0:14:33]} Kd5 {[%clk 0:46:56]} 47. Rxg6 {[%clk 0:14:53]} Ke4
{[%clk 0:47:12]} 48. Rg5 {[%clk 0:14:52]} Ra6 {[%clk 0:47:15]} 49. Bg7 {[%clk
0:15:02]} Ra1 {[%clk 0:47:14]} 50. Kh2 {[%clk 0:15:15]} Ra2+ {[%clk 0:47:16]}
51. Rg2 {[%clk 0:15:17]} Ra5 {[%clk 0:46:56]} 52. Kg3 {[%clk 0:14:45]} Kf5
{[%clk 0:46:58]} 53. h5 {[%clk 0:15:04]} Ra4 {[%clk 0:46:36]} 54. h6 {[%clk
0:14:27]} Kg6 {[%clk 0:47:02]} 55. Kf3+ {[%clk 0:14:43]} Kh7 {[%clk 0:47:28]}
56. Rb2 {[%clk 0:14:44]} c6 {[%clk 0:47:36]} 57. Rd2 {[%clk 0:15:00]} Ra7
{[%clk 0:46:47]} 58. Rd8 {[%clk 0:14:52]} c5 {[%clk 0:46:29]} 59. Rb8 {[%clk
0:14:33]} b4 {[%clk 0:46:08]} 60. c4 {[%clk 0:14:27]} Kg6 {[%clk 0:43:59]} 61.
Ke4 {[%clk 0:14:39]} Rd7 {[%clk 0:43:52]} 62. Rb6+ {[%clk 0:14:54]} Kh7 {[%clk
0:44:16]} 63. Rb5 {[%clk 0:15:19]} Rd1 {[%clk 0:44:02]} 64. Rxc5 {[%clk
0:15:35]} b3 {[%clk 0:44:16]} 65. Rb5 {[%clk 0:16:01]} Rc1 {[%clk 0:44:40]} 66.
Kd3 {[%clk 0:16:07]} Rb1 {[%clk 0:44:49]} 67. Kc3 {[%clk 0:16:14]} b2 {[%clk
0:45:09]} 68. Rxb2 {[%clk 0:16:40]} Rc1+ {[%clk 0:45:37]} 69. Kd4 {[%clk
0:17:03]} Rd1+ {[%clk 0:46:02]} 70. Kc5 1-0

[Event "Deutsche Ländermeisterschaft 2019"]
[Site "Würzburg GER"]
[Date "2019.10.05"]
[Round "6"]
[White "Lutz, Ruben"]
[Black "Riegel, Arinna"]
[Result "1-0"]
[Termination "normal"]
[Board "4.4"]
[WhiteElo "2112"]
[BlackElo "1894"]
[WhiteClock "00:19:08"]
[BlackClock "00:00:23"]
[WhiteTeam "Sachsen"]
[BlackTeam "Baden 1"]
[PlyCount "147"]
[WhiteFideId "12975974"]
[BlackFideId "12931446"]
[EventCountry "GER"]
[EventRounds "7"]
[EventType "team-swiss"]
[EventDate "2019.10.01"]

1. d4 {[%clk 1:30:58]} d5 {[%clk 1:30:56]} 2. c4 {[%clk 1:31:18]} e6 {[%clk
1:31:19]} 3. Nc3 {[%clk 1:31:40]} Be7 {[%clk 1:31:23]} 4. cxd5 {[%clk 1:30:52]}
exd5 {[%clk 1:31:43]} 5. Nf3 {[%clk 1:30:58]} Nf6 {[%clk 1:31:37]} 6. Bg5
{[%clk 1:30:54]} c6 {[%clk 1:31:51]} 7. Qc2 {[%clk 1:30:48]} g6 {[%clk
1:31:18]} 8. e3 {[%clk 1:23:53]} Bf5 {[%clk 1:29:26]} 9. Bd3 {[%clk 1:24:04]}
Bxd3 {[%clk 1:29:23]} 10. Qxd3 {[%clk 1:24:27]} Nbd7 {[%clk 1:28:57]} 11. O-O
{[%clk 1:24:29]} O-O {[%clk 1:28:59]} 12. h3 {[%clk 1:21:07]} Re8 {[%clk
1:28:54]} 13. Bf4 {[%clk 1:20:23]} Nb6 {[%clk 1:22:37]} 14. Ne5 {[%clk
1:19:21]} Nfd7 {[%clk 1:16:10]} 15. Nxd7 {[%clk 1:16:24]} Qxd7 {[%clk 1:12:17]}
16. Rab1 {[%clk 1:16:24]} Nc8 {[%clk 0:52:10]} 17. Na4 {[%clk 1:12:43]} Bd6
{[%clk 0:42:50]} 18. Nc5 {[%clk 1:10:16]} Qe7 {[%clk 0:41:44]} 19. Bxd6 {[%clk
1:09:44]} Nxd6 {[%clk 0:42:11]} 20. Rfc1 {[%clk 1:09:25]} f5 {[%clk 0:28:51]}
21. Rc2 {[%clk 0:58:42]} Rec8 {[%clk 0:17:17]} 22. Qd1 {[%clk 0:57:04]} Rc7
{[%clk 0:17:09]} 23. Nd3 {[%clk 0:56:53]} Re8 {[%clk 0:16:29]} 24. Ne5 {[%clk
0:54:57]} Nf7 {[%clk 0:16:01]} 25. Nd3 {[%clk 0:47:07]} Nd6 {[%clk 0:16:17]}
26. Qf3 {[%clk 0:47:11]} Qe4 {[%clk 0:14:40]} 27. Qxe4 {[%clk 0:47:29]} Nxe4
{[%clk 0:14:05]} 28. b4 {[%clk 0:45:38]} a6 {[%clk 0:13:14]} 29. a4 {[%clk
0:45:52]} Nd6 {[%clk 0:11:33]} 30. Ne5 {[%clk 0:46:00]} Rec8 {[%clk 0:11:26]}
31. Rbc1 {[%clk 0:46:09]} Nf7 {[%clk 0:10:38]} 32. Nxf7 {[%clk 0:43:48]} Kxf7
{[%clk 0:10:59]} 33. h4 {[%clk 0:43:38]} Ke6 {[%clk 0:10:20]} 34. Kh2 {[%clk
0:43:50]} Kd6 {[%clk 0:10:14]} 35. Kg3 {[%clk 0:44:00]} Re8 {[%clk 0:09:53]}
36. b5 {[%clk 0:42:59]} axb5 {[%clk 0:08:35]} 37. axb5 {[%clk 0:43:24]} Ra8
{[%clk 0:07:51]} 38. bxc6 {[%clk 0:43:18]} bxc6 {[%clk 0:06:20]} 39. Kf4 {[%clk
0:39:05]} Re8 {[%clk 0:03:14]} 40. f3 {[%clk 0:39:14]} Ree7 {[%clk 0:00:43]}
41. Rc3 {[%clk 0:38:44]} Rf7 {[%clk 0:28:03]} 42. Ra3 {[%clk 1:03:57]} Rc8
{[%clk 0:20:44]} 43. Ra6 {[%clk 1:03:34]} Rfc7 {[%clk 0:20:36]} 44. h5 {[%clk
1:02:33]} Ke6 {[%clk 0:19:59]} 45. hxg6 {[%clk 1:02:13]} hxg6 {[%clk 0:20:27]}
46. Kg5 {[%clk 1:02:03]} Kf7 {[%clk 0:19:27]} 47. Rh1 {[%clk 1:02:23]} Rg8
{[%clk 0:19:27]} 48. Rh7+ {[%clk 1:02:45]} Rg7 {[%clk 0:19:45]} 49. Rh8 {[%clk
1:02:47]} Ke7 {[%clk 0:15:46]} 50. Raa8 {[%clk 1:02:35]} Kd6 {[%clk 0:12:38]}
51. Rad8+ {[%clk 0:59:58]} Rcd7 {[%clk 0:11:07]} 52. Rxd7+ {[%clk 0:59:04]}
Kxd7 {[%clk 0:11:24]} 53. Ra8 {[%clk 0:57:30]} Kd6 {[%clk 0:11:40]} 54. Kf6
{[%clk 0:57:55]} Rb7 {[%clk 0:11:16]} 55. Rd8+ {[%clk 0:56:49]} Kc7 {[%clk
0:11:36]} 56. Re8 {[%clk 0:57:00]} Rb2 {[%clk 0:11:34]} 57. Kxg6 {[%clk
0:32:54]} f4 {[%clk 0:09:00]} 58. Kf5 {[%clk 0:32:30]} fxe3 {[%clk 0:08:10]}
59. g4 {[%clk 0:32:36]} e2 {[%clk 0:04:27]} 60. g5 {[%clk 0:33:01]} Kd7 {[%clk
0:04:34]} 61. Re5 {[%clk 0:33:05]} Rd2 {[%clk 0:02:01]} 62. g6 {[%clk 0:32:22]}
Rxd4 {[%clk 0:02:27]} 63. Rxe2 {[%clk 0:21:08]} Rb4 {[%clk 0:02:56]} 64. g7
{[%clk 0:21:26]} Rb8 {[%clk 0:03:20]} 65. Rg2 {[%clk 0:21:51]} Rg8 {[%clk
0:03:31]} 66. Kf6 {[%clk 0:20:12]} c5 {[%clk 0:02:27]} 67. Kf7 {[%clk 0:19:18]}
Rxg7+ {[%clk 0:01:14]} 68. Kxg7 d4 69. f4 {[%clk 0:17:44]} c4 {[%clk 0:00:51]}
70. Rd2 {[%clk 0:17:51]} d3 {[%clk 0:01:16]} 71. f5 {[%clk 0:18:17]} Kc6 {[%clk
0:00:38]} 72. f6 {[%clk 0:18:43]} Kd5 {[%clk 0:00:42]} 73. f7 {[%clk 0:19:08]}
Kd4 {[%clk 0:00:23]} 74. f8=Q 1-0